书目信息 |
| 题名: |
外汇管理及出口退税实务
|
|
| 作者: | 于强 , 杨文侠 , 伏丽 主编 | |
| 分册: | ||
| 出版信息: | 北京 对外经济贸易大学出版社 2013 |
|
| 页数: | 229页 | |
| 开本: | 23cm | |
| 丛书名: | ||
| 单 册: | ||
| 中图分类: | F832.63 , F752.5 | |
| 科图分类: | ||
| 主题词: | 外汇管理--中国 , 出口退税--中国 , 外汇管理 , 出口退税 | |
| 电子资源: | ||
| ISBN: | 978-7-5663-0596-1 | |
| 000 | 01101nam0 22003011 450 | |
| 001 | 524 | |
| 005 | 20140909165224.68 | |
| 010 | @a978-7-5663-0596-1@dCNY27.00 | |
| 100 | @a20131212d2013 em y0chiy50 ea | |
| 101 | 0 | @achi |
| 102 | @aCN@b110000 | |
| 105 | @ay z 000yy | |
| 106 | @ar | |
| 200 | 1 | @a外汇管理及出口退税实务@AWai Hui Guan Li Ji Chu Kou Tui Shui Shi Wu@f于强,杨文侠,伏丽主编@FYu Qiang, Yang Wen Xia, Fu Li Zhu Bian |
| 210 | @a北京@c对外经济贸易大学出版社@d2013 | |
| 215 | @a229页@d23cm | |
| 330 | @a本书展示了中国进出口发展形势,介绍了外汇管理和出口退税操作的内外部环境。在阐明进出口相关政策的同时,结合丰富工作案例,具体说明从事外汇管理和出口退税工作的实际操作流程,对重点工作环节和注意事项进行了较为详尽的分析。 | |
| 606 | 0 | @a外汇管理@y中国 |
| 606 | 0 | @a出口退税@y中国 |
| 606 | 0 | @a外汇管理 |
| 606 | 0 | @a出口退税 |
| 690 | @aF832.63@v5 | |
| 690 | @aF752.5@v5 | |
| 701 | 0 | @a于强@AYu Qiang@f(1960~)@4主编 |
| 701 | 0 | @a杨文侠@AYang Wen Xia@4主编 |
| 701 | 0 | @a伏丽@AFu Li@g(会计)@4主编 |
| 801 | 0 | @aCN@bTANGWEI@c20140603 |
| 905 | @b0837486-88@dF832.63@e121@f3 | |
| 外汇管理及出口退税实务/于强,杨文侠,伏丽主编.-北京:对外经济贸易大学出版社,2013 |
| 229页;23cm |
| ISBN 978-7-5663-0596-1:CNY27.00 |
| 本书展示了中国进出口发展形势,介绍了外汇管理和出口退税操作的内外部环境。在阐明进出口相关政策的同时,结合丰富工作案例,具体说明从事外汇管理和出口退税工作的实际操作流程,对重点工作环节和注意事项进行了较为详尽的分析。 |
| ● |
| 相关链接 |
|
|
|
|
正题名:外汇管理及出口退税实务
索取号:F832.63/121
 
预约/预借
| 序号 | 登录号 | 条形码 | 馆藏地/架位号 | 状态 | 备注 |
| 1 | 0837486 | 208374864 | 第一样本阅览室/ [索取号:F832.63/121] | 在馆 | |
| 2 | 0837487 | 208374873 | 第一借阅区/ [索取号:F832.63/121] | 在馆 | |
| 3 | 0837488 | 208374882 | 密集书库-海洋学院/ [索取号:F832.63/121] | 在馆 |